Culture générale - Quiz #40 - Statistiques

Statistiques générales
  • Ce quiz a été pris 83 493 fois
  • Le résultat moyen est 9 sur 20
Statistiques - réponses
Question Réponse % Correct
Quel signe astrologique a pour symbole un crabe ? Le Cancer
89%
Selon le dicton, à qui n'apprend-on pas à faire des grimaces ? À un vieux singe
84%
De quel pays est originaire la samba (genre musical) ? Brésil
79%
Le record du monde à cette épreuve olympique est de 6,25m (2024). De quelle discipline s'agit-il ? Saut à la perche
70%
De qui annonce-t-on l'élection par une fumée blanche ? Le pape
67%
Quel est le nom du lapin, ami de Bambi, dans le film du même nom ? Panpan
63%
Quel élément du tableau périodique a été découvert peu après la planète d'Uranus en 1789 ? L'uranium
58%
Quel est le score maximum possible à obtenir en un unique jet de fléchette, selon les règles officielles ? 60
54%
Le préfixe grec "tétra-" est relatif au nombre 4. Quel préfixe est relatif à 5 ? Penta
48%
À quel pays appartient l'île de Sumatra ? Indonésie
46%
Quel film de 1973 raconte l'histoire de deux prêtres venus sauver une jeune fille possédée par le diable ? L'Exorciste
45%
Qui fut la première épouse du roi britannique Charles III ? Diana Spencer
37%
Quel est l'animal national du Canada ? Le castor
33%
Dans la chanson de Michel Delpech, dans quel département habite sa famille ? Loir-et-Cher
26%
Quelle "mer" borde 5 pays aujourd'hui, mais n'en bordait que 2 en 1989 ? Mer Caspienne
26%
Quelle préfecture d'un département des Pays de la Loire possède un nom palindromique ? Laval
22%
Quel nom désigne les membres hors du système des castes, notamment en Inde, affectés à des métiers jugés impurs ? Intouchables
21%
Quel chanteur français a composé les titres de la comédie musicale "Les Dix Commandements" ? Pascal Obispo
16%
Quel écrivain irlandais est l'auteur de "Dracula" ? Bram Stoker
14%
Si Pékin est la "capitale du nord", quelle est la "capitale du sud" ? Nankin
6%
Aucun quiz correspondant
Distribution des résultats
% des personnes avec chaque résultat
Percentile par nombre de réponses
Votre historique - résultats
Vous n’avez pas pris ce quiz